书目信息 |
| 题名: |
苏俄婚姻和家庭法典
|
|
| 作者: | 马骧 译 | |
| 分册: | ||
| 出版信息: | 北京 中国社会科学出版社 1978 |
|
| 页数: | 55页 | |
| 开本: | 19cm | |
| 丛书名: | ||
| 单 册: | ||
| 中图分类: | D512.39 | |
| 科图分类: | ||
| 主题词: | 婚姻法-法典--苏联 , 国际政治 , 婚姻法--苏联--1969 , 法典-婚姻法--苏联 | |
| 电子资源: | ||
| ISBN: | ||
| 000 | 00705nam0 2200265 45 | |
| 001 | 0178006081 | |
| 005 | 20060724090436.32 | |
| 010 | @dCNY0.22 | |
| 091 | @a6190.001 | |
| 100 | @a19950716d1978 kemy0chiy0121 ea | |
| 101 | 0 | @achi@crus |
| 102 | @aCN@b110000 | |
| 105 | @ay n 000yy | |
| 200 | 1 | @a苏俄婚姻和家庭法典@Asu e hun yin he jia ting fa dian@f马骧译@Fma xiang yi |
| 210 | @a北京@c中国社会科学出版社@d1978 | |
| 215 | @a55页@d19cm | |
| 300 | @a内部发行 | |
| 606 | 0 | @a婚姻法-法典@y苏联 |
| 606 | 0 | @a国际政治 |
| 606 | 0 | @a婚姻法@y苏联@z1969 |
| 606 | 0 | @a法典-婚姻法@y苏联 |
| 690 | @aD512.39@v4 | |
| 701 | 0 | @a马骧@Ama xiang@4译 |
| 801 | @aCN@bNLC@c20060724 | |
| 905 | @dD512.39@e116 | |
| 苏俄婚姻和家庭法典/马骧译.-北京:中国社会科学出版社,1978 |
| 55页;19cm |
| 内部发行 |
| ISBN :CNY0.22 |
| ● |
| 相关链接 |
|
|
|
|
正题名:苏俄婚姻和家庭法典
索取号:D512.39/116
 
预约/预借
| 序号 | 登录号 | 条形码 | 馆藏地/架位号 | 状态 | 备注 |
| 1 | 0004438 | 001919142 | 密集书库/ [索取号:D512.39/116] | 在馆 | |
| 2 | 0004439 | 000482365 | 密集书库/ [索取号:D512.39/116] | 在馆 | |
| 3 | 0424758 | 204247582 | 密集书库/ [索取号:D512.39/116] | 在馆 |